[Event "FIDE World Rapid 2014"]
[Site "Dubai UAE"]
[Date "2014.06.18"]
[Round "13.3"]
[White "Aronian, Levon"]
[Black "Radjabov, Teimour"]
[Result "1/2-1/2"]
[WhiteTitle "GM"]
[BlackTitle "GM"]
[WhiteElo "2815"]
[BlackElo "2724"]
[WhiteFideId "13300474"]
[BlackFideId "13400924"]
[EventDate "2014.06.16"]

1. Nf3 c5 2. c4 Nc6 3. Nc3 Nf6 4. g3 e6 5. Bg2 d5 6. cxd5 Nxd5 7. O-O Be7 8. d4
O-O 9. Nxd5 exd5 10. dxc5 Bxc5 11. Bg5 Qd7 12. Rc1 Bb6 13. Bd2 Qg4 14. e3 Qh5
15. Nh4 Bg4 16. Bf3 Bxf3 17. Qxf3 Qxf3 18. Nxf3 d4 19. exd4 Nxd4 20. Nxd4 Bxd4
21. Rc7 Bxb2 22. Rb1 Bd4 23. Rbxb7 Bb6 24. Rd7 Rad8 25. Kf1 Rxd7 26. Rxd7 Rd8
27. Rxd8+ Bxd8 28. Ke2 Kf8 29. Kd3 Ke8 30. Kc4 a6 31. Kc5 Kd7 32. g4 g6 33. f3
Bc7 34. h3 Bd8 35. Bh6 Bc7 36. h4 Bd8 37. h5 Bc7 38. Bg5 Ba5 39. Bf4 Bd8 40. Bd2
Bc7 41. f4 gxh5 42. gxh5 f5 43. Be3 Bd8 44. Kd5 Bc7 45. a4 Bd6 46. Bd2 Bc7 47.
Kc5 Bd8 1/2-1/2

[Event "FIDE World Rapid 2014"]
[Site "Dubai UAE"]
[Date "2014.06.18"]
[Round "13.4"]
[White "Grischuk, Alexander"]
[Black "Naiditsch, Arkadij"]
[Result "1-0"]
[WhiteTitle "GM"]
[BlackTitle "GM"]
[WhiteElo "2792"]
[BlackElo "2705"]
[WhiteFideId "4126025"]
[BlackFideId "4650891"]
[EventDate "2014.06.16"]

1. c4 Nf6 2. Nc3 e5 3. e3 Bb4 4. Nge2 O-O 5. a3 Bxc3 6. Nxc3 Nc6 7. Qc2 Ne7 8.
Be2 d6 9. O-O Bg4 10. f3 Be6 11. b4 d5 12. cxd5 Nfxd5 13. Ne4 f6 14. Nc5 Bc8 15.
Rd1 b6 16. Nb3 Be6 17. d4 Nf5 18. Bc4 Kh8 19. Qd3 Nd6 20. Bxd5 Bxd5 21. dxe5 Bc4
22. Qc3 Bxb3 23. Qxb3 fxe5 24. e4 Qe8 25. Be3 Rf7 26. a4 h6 27. Rac1 Rd8 28. b5
Rfd7 29. h3 Nb7 30. Rxd7 Rxd7 31. Kh2 Kh7 32. Qc3 Nd8 33. Bf2 Nf7 34. Bg3 Qe7
35. Qc6 Qd8 36. a5 bxa5 37. Qc3 Qg5 38. Ra1 h5 39. h4 Qf6 40. Rxa5 Qb6 41. Ra6
Qxb5 42. Rxa7 Qb6 43. Ra1 Qf6 44. Qe3 g6 45. Rc1 Re7 46. Rc5 Qb6 47. Qc3 Qd6 48.
Rc6 Qd7 49. Ra6 Qe8 50. Qc5 Qd7 51. Ra7 Nd8 52. Ra8 Nf7 53. Qb4 Re8 54. Ra6 Re7
55. Ra7 Qe8 56. Qb7 Nd8 57. Qc8 Rd7 58. Rxc7 Rxc7 59. Qxc7+ Nf7 60. Bf2 Kg7 61.
Bc5 Qd8 62. Qe7 Kg8 63. Kg3 Kg7 64. Bb4 Kg8 65. Qe6 Kg7 66. Be7 1-0

[Event "FIDE World Rapid 2014"]
[Site "Dubai UAE"]
[Date "2014.06.18"]
[Round "13.5"]
[White "Karjakin, Sergey"]
[Black "Tomashevsky, Evgeny"]
[Result "1-0"]
[WhiteTitle "GM"]
[BlackTitle "GM"]
[WhiteElo "2771"]
[BlackElo "2695"]
[WhiteFideId "14109603"]
[BlackFideId "4147235"]
[EventDate "2014.06.16"]

1. e4 e5 2. Nf3 Nc6 3. Bb5 a6 4. Ba4 Nf6 5. O-O Be7 6. Re1 b5 7. Bb3 O-O 8. a4
b4 9. d4 d6 10. dxe5 dxe5 11. Nbd2 Bc5 12. a5 h6 13. Qe2 Qe7 14. h3 Bb7 15. c3
Rfb8 16. Bc2 Bc8 17. Nc4 bxc3 18. bxc3 Bd7 19. Ne3 Bxe3 20. Bxe3 Rb2 21. Bc1 Rb7
22. Bd3 Ne8 23. Be3 Nb8 24. Qa2 Be6 25. Qe2 Bd7 26. Reb1 Rxb1+ 27. Rxb1 Nc6 28.
Ra1 Nd6 29. Bxa6 Nxe4 30. Bb7 Nxc3 31. Qe1 Rxa5 32. Qxc3 Qb4 1-0

[Event "FIDE World Rapid 2014"]
[Site "Dubai UAE"]
[Date "2014.06.18"]
[Round "13.6"]
[White "Movsesian, Sergei"]
[Black "Bacrot, Etienne"]
[Result "0-1"]
[WhiteTitle "GM"]
[BlackTitle "GM"]
[WhiteElo "2672"]
[BlackElo "2720"]
[WhiteFideId "310204"]
[BlackFideId "605506"]
[EventDate "2014.06.16"]

1. e4 e5 2. Nf3 Nc6 3. Bc4 Bc5 4. O-O Nf6 5. d3 d6 6. c3 O-O 7. Bb3 h6 8. Re1
Re8 9. Nbd2 a6 10. Nf1 Ba7 11. Ng3 Be6 12. Bxe6 Rxe6 13. d4 d5 14. Nxe5 Nxe5 15.
dxe5 Nxe4 16. Nxe4 dxe4 17. Bf4 Qd3 18. Qh5 Rae8 19. Rad1 Qb5 20. Qe2 e3 21.
fxe3 Qa4 22. Qf3 Rb6 23. b4 Qxa2 24. Rd7 Rc6 25. h4 Rxc3 26. Qxb7 Bb6 27. Qf3
Qb3 28. Kh2 Qxb4 29. Rf1 Qc4 30. Rd5 Rf8 31. Rfd1 Rc1 32. R1d3 Qc6 33. h5 Rc5
34. e4 Rc4 35. Bg3 Qe6 36. Rd8 Rc1 37. Qf5 Qxf5 38. exf5 Rf1 39. e6 fxe6 40.
fxe6 Rf5 41. e7 Rxh5+ 42. Bh4 Rxh4+ 43. Kg3 Bf2# 0-1

[Event "FIDE World Rapid 2014"]
[Site "Dubai UAE"]
[Date "2014.06.18"]
[Round "13.7"]
[White "Svidler, Peter"]
[Black "Efimenko, Zahar"]
[Result "1-0"]
[WhiteTitle "GM"]
[BlackTitle "GM"]
[WhiteElo "2753"]
[BlackElo "2648"]
[WhiteFideId "4102142"]
[BlackFideId "14107201"]
[EventDate "2014.06.16"]

1. e4 e5 2. Nf3 Nc6 3. Bb5 a6 4. Ba4 Nf6 5. O-O Be7 6. Re1 b5 7. Bb3 d6 8. c3
O-O 9. h3 Na5 10. Bc2 c5 11. d4 Nd7 12. Kh1 Bb7 13. d5 Nc4 14. b3 Ncb6 15. a4 c4
16. a5 cxb3 17. Bxb3 Nc4 18. Bxc4 bxc4 19. Nbd2 f5 20. Ba3 fxe4 21. Nxe4 Nf6 22.
Nfg5 Nxe4 23. Nxe4 Rb8 24. Rb1 Qxa5 25. Bxd6 Bxd6 26. Nxd6 Bxd5 27. Rxb8 Rxb8
28. Nf5 Re8 29. f4 Qd8 30. Qg4 Qf6 31. fxe5 Qg6 32. Qxg6 hxg6 33. Nd4 a5 34. e6
a4 35. Re5 Bb7 36. Nb5 Bc6 37. Nd6 Ra8 38. e7 a3 39. Re1 a2 40. Ra1 Bd7 41. Kg1
Ra6 42. e8=Q+ Bxe8 43. Nxe8 Kf7 44. Nc7 Ra5 45. Kf2 Ke7 46. Ke3 Kd7 47. Nb5 Rxb5
48. Rxa2 g5 49. Kd4 g4 50. Kxc4 Rg5 51. h4 Rg6 52. g3 Rc6+ 53. Kd4 Ke6 54. Re2+
Kf6 55. Re4 Rd6+ 56. Kc4 Rc6+ 57. Kb4 Rb6+ 58. Kc5 Rb3 59. Kc4 Rb1 60. Rf4+ Ke6
61. Rxg4 Kf6 62. Rg5 Ra1 63. Kb5 Rb1+ 64. Kc5 Rb8 65. c4 Rc8+ 66. Kb5 Rb8+ 67.
Ka6 1-0

[Event "FIDE World Rapid 2014"]
[Site "Dubai UAE"]
[Date "2014.06.18"]
[Round "13.10"]
[White "Mamedov, Rauf"]
[Black "Nguyen, Ngoc Truong Son"]
[Result "1/2-1/2"]
[WhiteTitle "GM"]
[BlackTitle "GM"]
[WhiteElo "2659"]
[BlackElo "2621"]
[WhiteFideId "13401653"]
[BlackFideId "12401110"]
[EventDate "2014.06.16"]

1. e4 e6 2. d4 d5 3. Nd2 c5 4. Ngf3 cxd4 5. exd5 Qxd5 6. Bc4 Qd8 7. O-O Nc6 8.
Nb3 a6 9. Nbxd4 Nxd4 10. Nxd4 Qc7 11. Qe2 Bd6 12. Re1 Ne7 13. h3 O-O 14. Bd3 Ng6
15. Qh5 Qc5 16. Qxc5 Bxc5 17. Nb3 Bd6 18. Be3 Bc7 19. Rad1 b6 20. c4 Ne5 21. Be2
Bb7 22. f4 Ng6 23. g3 Rfd8 24. Kf2 Ne7 25. Bf3 Bxf3 26. Kxf3 b5 27. Rxd8+ Rxd8
28. Rc1 bxc4 29. Rxc4 Nd5 30. Bf2 Rb8 31. Ra4 h5 32. Rxa6 h4 33. Rc6 hxg3 34.
Bxg3 Rb4 35. Rc5 Bd6 36. Rc8+ Kh7 37. Rd8 Bc7 38. Rd7 f5 39. Nc5 Rd4 40. Nxe6
Rd3+ 41. Ke2 Re3+ 42. Kf1 Rxg3 43. Rxd5 Bxf4 44. Rxf5 Bc1 45. b4 Rxh3 46. b5 Ra3
47. Rf2 Ra5 48. Rc2 Be3 49. Rb2 Kg6 50. Nc7 Bd4 51. Rd2 Be5 52. b6 Bxc7 53. bxc7
Rc5 54. Rd7 Kf6 55. a4 Ke6 56. Rxg7 Kd6 57. Ke2 Rxc7 58. Rg5 Rc4 59. a5 Rc5 60.
Rg6+ Kc7 61. a6 Ra5 62. Kd3 Kb8 63. Kc4 Ka7 64. Kb4 Rxa6 65. Rxa6+ 1/2-1/2

[Event "FIDE World Rapid 2014"]
[Site "Dubai UAE"]
[Date "2014.06.18"]
[Round "13.12"]
[White "Jobava, Baadur"]
[Black "Nepomniachtchi, Ian"]
[Result "1-0"]
[WhiteTitle "GM"]
[BlackTitle "GM"]
[WhiteElo "2713"]
[BlackElo "2730"]
[WhiteFideId "13601520"]
[BlackFideId "4168119"]
[EventDate "2014.06.16"]

1. d4 Nf6 2. Nc3 d5 3. Bf4 Bf5 4. f3 e6 5. g4 Bg6 6. h4 h6 7. e3 a6 8. h5 Bh7 9.
Bd3 Bxd3 10. cxd3 Bd6 11. Nge2 Nc6 12. Qd2 Qe7 13. O-O-O O-O-O 14. Kb1 Kb8 15.
Rc1 Bxf4 16. exf4 Nd7 17. Qe3 Nb6 18. Ka1 Rhe8 19. Nb1 f6 20. Nd2 Qd6 21. Nb3 e5
22. dxe5 fxe5 23. f5 Nd7 24. Qd2 Qb4 25. Qc2 Qb6 26. a3 Qe3 27. Rhf1 e4 28. dxe4
dxe4 29. fxe4 Rxe4 30. Rfe1 Nde5 31. Ned4 Qxe1 32. Nxc6+ Nxc6 33. Rxe1 Rxe1+ 34.
Ka2 Re5 35. f6 gxf6 36. Qg6 Rg5 37. Qxh6 Rxg4 38. Qxf6 Rd6 39. Qf8+ Rd8 40. Qf3
Rh4 41. Nc5 Rh8 42. Qb3 b6 43. Nxa6+ Kb7 44. Nxc7 R8xh5 45. Nd5 Rxd5 46. Qxd5
Rd4 47. Qf7+ Kc8 48. b4 Rd7 49. Qf5 Kc7 50. Kb2 Re7 51. Qg5 Re5 52. Qg7+ Re7 53.
Qg3+ Kb7 54. Qd3 Kc7 55. Kc3 Rd7 56. Qg3+ Kb7 57. Qf3 Kc7 58. Qf5 Re7 59. Kc4
Re5 60. Qf7+ Kd6 61. Qg6+ Kc7 62. Qh7+ Kd6 63. a4 Re7 64. Qh2+ Re5 65. a5 bxa5
66. b5 Ne7 67. b6 Nc6 68. Qd2+ Ke6 69. b7 a4 70. Qh6+ Kd7 71. Qxc6+ Kxc6 72.
b8=Q Rc5+ 73. Kb4 Rd5 74. Kxa4 Rd4+ 75. Kb3 Rd5 76. Qc8+ Kd6 77. Kc4 Re5 78.
Qb8+ Ke6 79. Kd4 Rd5+ 80. Ke4 Rd7 81. Qe5+ Kf7 82. Kf5 Re7 83. Qh8 Rd7 84. Qh7+
Ke8 85. Qg8+ Ke7 86. Ke5 Rc7 87. Qg7+ Kd8 88. Qf8+ Kd7 89. Kd5 Rc1 90. Qf5+ Ke8
91. Qg4 Re1 92. Kd6 Kf7 93. Qf3+ Ke8 94. Qg3 Rd1+ 95. Ke6 1-0

[Event "FIDE World Rapid 2014"]
[Site "Dubai UAE"]
[Date "2014.06.18"]
[Round "13.13"]
[White "Guseinov, Gadir"]
[Black "Vachier-Lagrave, Maxime"]
[Result "1-0"]
[WhiteTitle "GM"]
[BlackTitle "GM"]
[WhiteElo "2613"]
[BlackElo "2762"]
[WhiteFideId "13401378"]
[BlackFideId "623539"]
[EventDate "2014.06.16"]

1. e4 c5 2. Nf3 d6 3. d4 cxd4 4. Nxd4 Nf6 5. Nc3 a6 6. Be3 Ng4 7. Bc1 Nf6 8. Be3
Ng4 9. Bc1 Nc6 10. Be2 Nf6 11. Bg5 e6 12. Qd2 Be7 13. O-O-O Bd7 14. f3 Rc8 15.
Nxc6 Bxc6 16. Bxf6 Bxf6 17. Qxd6 Qa5 18. a3 Bxc3 19. bxc3 Qxc3 20. Qb4 Qa1+ 21.
Kd2 Qe5 22. Ke3 f5 23. Qd6 f4+ 24. Kf2 Qxd6 25. Rxd6 Ke7 26. Rhd1 Kf6 27. Bc4
Rhe8 28. Bb3 Bb5 29. g3 g5 30. gxf4 gxf4 31. a4 Bc6 32. Rg1 Rcd8 33. Rgd1 Rxd6
34. Rxd6 a5 35. c4 Ke5 36. c5 Re7 37. Ke2 Be8 38. Kf2 Bf7 39. Rb6 Rc7 40. Ke2
Rxc5 41. Rxb7 Bh5 42. Rb6 Rc3 43. Rxe6+ Kd4 44. Rd6+ Kc5 45. Rd5+ Kb4 46. Rb5+
Ka3 47. Rxh5 Kxb3 48. Rxa5 Rc2+ 49. Kf1 Rxh2 50. Rf5 Kxa4 51. Rxf4 Kb5 52. Kg1
Rc2 53. Rf7 h6 54. Rh7 Kc6 55. Rxh6+ Kc5 56. Rh2 Rc1+ 57. Kf2 Kd4 58. Rh8 Rc2+
59. Kg3 Ke3 60. Ra8 Rc3 61. Kg4 Rb3 1-0

[Event "FIDE World Rapid 2014"]
[Site "Dubai UAE"]
[Date "2014.06.18"]
[Round "13.14"]
[White "Cheparinov, Ivan"]
[Black "Meier, Georg"]
[Result "1/2-1/2"]
[WhiteTitle "GM"]
[BlackTitle "GM"]
[WhiteElo "2682"]
[BlackElo "2632"]
[WhiteFideId "2905540"]
[BlackFideId "4675789"]
[EventDate "2014.06.16"]

1. d4 d5 2. c4 e6 3. Nf3 Nf6 4. g3 Bb4+ 5. Bd2 Be7 6. Bg2 c6 7. Qc2 O-O 8. O-O
Nbd7 9. Rd1 b6 10. Bf4 Bb7 11. Ne5 Nh5 12. Bd2 Nhf6 13. cxd5 cxd5 14. Nc6 Bxc6
15. Qxc6 a6 16. Qc2 b5 17. Qd3 Nb6 18. b3 b4 19. Be1 Qc7 20. Nd2 Rfc8 21. Nf1
Qc2 22. f3 Qxd3 23. Rxd3 a5 24. e4 a4 25. Rad1 g6 26. Ne3 h5 27. h3 axb3 28.
axb3 Ra2 29. g4 hxg4 30. hxg4 Ne8 31. R3d2 Rxd2 32. Bxd2 Nc7 33. Rc1 Nb5 34.
Rxc8+ Nxc8 35. Nc2 Nca7 36. Bf1 Nc3 37. e5 Nc6 38. Kf2 g5 39. Ke3 Kf8 40. Kd3
Nb5 41. Be2 Kg7 42. Bf1 Kf8 43. Be3 Na5 44. Na1 Nc3 45. Bd2 Nb5 46. Ke3 Na3 47.
Bd3 Nc6 48. Bc1 Kg7 49. Nc2 Na5 50. Na1 Nc6 51. Nc2 Na5 52. Na1 Nc6 53. Nc2 Na5
54. Na1 Nc6 1/2-1/2

[Event "FIDE World Rapid 2014"]
[Site "Dubai UAE"]
[Date "2014.06.18"]
[Round "13.15"]
[White "Harikrishna, Pentala"]
[Black "Van Wely, Loek"]
[Result "1/2-1/2"]
[WhiteTitle "GM"]
[BlackTitle "GM"]
[WhiteElo "2726"]
[BlackElo "2654"]
[WhiteFideId "5007003"]
[BlackFideId "1000268"]
[EventDate "2014.06.16"]

1. d4 Nf6 2. Nf3 d5 3. c4 e6 4. e3 c5 5. Nc3 cxd4 6. exd4 Bb4 7. cxd5 Nxd5 8.
Bd2 O-O 9. Bd3 Nc6 10. O-O Nf6 11. Bg5 Be7 12. Rc1 Nb4 13. Bb1 b6 14. a3 Nbd5
15. Qd3 g6 16. Nxd5 Nxd5 17. Bh6 Re8 18. Ne5 Bf8 19. Qh3 Bb7 20. Be4 Qe7 21.
Rfe1 Rac8 22. Bxf8 Rxf8 23. Qf3 Rfd8 24. h3 Kg7 25. Rxc8 Rxc8 26. Nxg6 hxg6 27.
Bxd5 Bxd5 28. Qxd5 Qf6 29. Qe4 Rd8 30. Rd1 Rd5 31. f4 Qd8 32. Kh2 Qc7 33. h4 Qc4
34. Qd3 Qc7 35. g3 a5 36. a4 Qd7 37. b3 b5 38. axb5 Rxb5 39. Rc1 Qb7 40. Rc3 Rb4
41. Qe3 Rb5 42. Qf3 Qb6 43. Rd3 Rd5 44. Qd1 Qb7 45. Rc3 Qb6 46. Rd3 Qb7 47. Qc2
Rd7 48. Qe2 Rd5 49. Qd2 Rb5 50. Qc3 Kh7 51. Qc4 Rb4 52. Qc3 Rb5 53. Rf3 Rb4 54.
h5 gxh5 55. Qd3+ f5 56. Re3 Qd5 57. Re5 Rxb3 58. Qxf5+ exf5 59. Rxd5 Kg6 60.
Rxa5 h4 61. gxh4 Rf3 62. Ra6+ Kh5 63. d5 Kxh4 64. d6 Kg4 65. Ra8 Rf2+ 66. Kg1
Rd2 67. Rd8 Kxf4 68. d7 Kf3 69. Rf8 1/2-1/2

[Event "FIDE World Rapid 2014"]
[Site "Dubai UAE"]
[Date "2014.06.18"]
[Round "13.16"]
[White "Lenic, Luka"]
[Black "Le, Quang Liem"]
[Result "0-1"]
[WhiteTitle "GM"]
[BlackTitle "GM"]
[WhiteElo "2659"]
[BlackElo "2712"]
[WhiteFideId "14603853"]
[BlackFideId "12401137"]
[EventDate "2014.06.16"]

1. d4 Nf6 2. c4 g6 3. Nc3 d5 4. cxd5 Nxd5 5. e4 Nxc3 6. bxc3 Bg7 7. Qa4+ Nd7 8.
Nf3 O-O 9. Be2 c5 10. O-O b6 11. Be3 Bb7 12. Nd2 Qc7 13. Ba6 Rfd8 14. Bxb7 Qxb7
15. Rab1 Rac8 16. Rfc1 e6 17. h3 Bf8 18. Qb3 Nb8 19. Qb5 Qc6 20. Qxc6 Nxc6 21.
Nb3 cxd4 22. cxd4 Nb4 23. Rxc8 Rxc8 24. Rc1 Rxc1+ 25. Nxc1 f5 26. f3 Nc2 27. Kf2
Kf7 28. Ke2 fxe4 29. fxe4 Nxe3 0-1

[Event "FIDE World Rapid 2014"]
[Site "Dubai UAE"]
[Date "2014.06.18"]
[Round "13.17"]
[White "Najer, Evgeniy"]
[Black "Eljanov, Pavel"]
[Result "0-1"]
[WhiteTitle "GM"]
[BlackTitle "GM"]
[WhiteElo "2653"]
[BlackElo "2723"]
[WhiteFideId "4118987"]
[BlackFideId "14102951"]
[EventDate "2014.06.16"]

1. e4 c6 2. d4 d5 3. e5 Bf5 4. Nf3 e6 5. Be2 Ne7 6. O-O h6 7. Nbd2 Nd7 8. Nb3
Qc7 9. c3 g5 10. Ne1 O-O-O 11. a4 Bg7 12. a5 f6 13. exf6 Bxf6 14. Nd3 Bxd3 15.
Qxd3 e5 16. dxe5 Bxe5 17. g3 Kb8 18. Be3 Rhf8 19. Nd4 Nc5 20. Qh7 Bxd4 21. Bxd4
Nb3 22. Ra4 c5 23. Qc2 Nxd4 24. cxd4 c4 25. b3 Nc6 26. bxc4 Nxd4 27. Qb2 Qe5 28.
Ra2 Nxe2+ 29. Qxe2 Qxe2 30. Rxe2 dxc4 31. Rc1 Rc8 32. Re6 Rf5 33. Rxh6 Rxa5 34.
Rh5 c3 35. h4 c2 36. Kf1 Rd5 37. Ke2 b5 38. Rxg5 Rxg5 39. hxg5 b4 40. g6 b3 41.
g7 b2 0-1

[Event "FIDE World Rapid 2014"]
[Site "Dubai UAE"]
[Date "2014.06.18"]
[Round "13.19"]
[White "Vallejo Pons, Francisco"]
[Black "Antipov, Mikhail Al."]
[Result "1-0"]
[WhiteTitle "GM"]
[BlackTitle "GM"]
[WhiteElo "2698"]
[BlackElo "2502"]
[WhiteFideId "2205530"]
[BlackFideId "4107012"]
[EventDate "2014.06.16"]

1. e4 c5 2. Nf3 d6 3. d4 cxd4 4. Nxd4 Nf6 5. Nc3 g6 6. Be3 Bg7 7. f3 O-O 8. Qd2
Nc6 9. O-O-O d5 10. h3 Nxd4 11. Bxd4 dxe4 12. fxe4 Be6 13. Qe3 Qa5 14. a3 Rac8
15. Kb1 b5 16. Nxb5 Rb8 17. Bc3 Rfd8 18. Be2 Qa4 19. Rd4 Rxd4 20. Qxd4 Qxd4 21.
Bxd4 Nxe4 22. Bxa7 Rb7 23. Be3 Nd6 24. a4 Nc4 25. Bc1 Nb6 26. Rd1 h5 27. Rd8+
Kh7 28. Bf3 Rd7 29. Rxd7 Bxd7 30. a5 Nc8 31. c4 f5 32. Bb7 e5 33. a6 Bf8 34. Be3
f4 35. Bf2 Bf5+ 36. Kc1 e4 37. a7 Nxa7 38. Bxa7 e3 39. Nc3 Bb4 40. Bf3 Kh6 41.
h4 g5 42. hxg5+ Kxg5 43. Bb8 Bd3 44. Bxf4+ Kxf4 45. Nd5+ Kg3 46. Nxb4 Bxc4 47.
Nc2 Kf2 48. Bxh5 Bd3 49. b4 e2 50. Kd2 Bxc2 51. Bxe2 Ba4 52. g4 Kg3 53. g5 Be8
54. Ke3 1-0

[Event "FIDE World Rapid 2014"]
[Site "Dubai UAE"]
[Date "2014.06.18"]
[Round "13.20"]
[White "Vitiugov, Nikita"]
[Black "Yudin, Sergei"]
[Result "1/2-1/2"]
[WhiteTitle "GM"]
[BlackTitle "GM"]
[WhiteElo "2742"]
[BlackElo "2546"]
[WhiteFideId "4152956"]
[BlackFideId "4159659"]
[EventDate "2014.06.16"]

1. d4 d5 2. c4 e6 3. Nf3 c6 4. e3 Bd6 5. b3 f5 6. Be2 Nf6 7. O-O Qe7 8. a4 a5 9.
Ba3 Bxa3 10. Nxa3 O-O 11. Nc2 b6 12. Qb1 Ne4 13. Qb2 Nd7 14. b4 Ba6 15. Qb3 Rfc8
16. Rfc1 g5 17. Rd1 g4 18. Nd2 Ndf6 19. Nxe4 Nxe4 20. Bf1 Qh4 21. g3 Qe7 22.
bxa5 bxa5 23. Rab1 h5 24. c5 Bxf1 25. Kxf1 Qc7 26. Ne1 Rcb8 27. Qd3 h4 28. Ng2
hxg3 29. hxg3 Kf7 30. Nf4 Rxb1 31. Rxb1 Rh8 32. Rb6 Kf6 33. Ng2 Rh1+ 34. Ke2 Rh2
35. Qa6 Rxg2 36. Rxc6 Qh7 37. Rxe6+ Kg5 38. Rxe4 fxe4 39. Qe6 Qf5 40. Qg8+ Kh6
41. Qh8+ Kg6 42. Qg8+ Kf6 43. Qf8+ Kg5 44. Qg7+ Kh5 45. Qh8+ Kg6 46. Qg8+ Kf6
47. Qf8+ Kg5 48. Qg7+ Qg6 49. Qe5+ Kh6 50. Qh8+ Qh7 51. Qf6+ Qg6 1/2-1/2

[Event "FIDE World Rapid 2014"]
[Site "Dubai UAE"]
[Date "2014.06.18"]
[Round "13.22"]
[White "Malakhov, Vladimir"]
[Black "Glek, Igor"]
[Result "1-0"]
[WhiteTitle "GM"]
[BlackTitle "GM"]
[WhiteElo "2694"]
[BlackElo "2438"]
[WhiteFideId "4120787"]
[BlackFideId "4100484"]
[EventDate "2014.06.16"]

1. c4 e5 2. Nc3 Bb4 3. Nd5 a5 4. Nf3 Nc6 5. a3 Be7 6. d4 d6 7. e3 f5 8. dxe5
dxe5 9. b3 Nf6 10. Bb2 e4 11. Ne5 O-O 12. Nxc6 bxc6 13. Nxe7+ Qxe7 14. Be2 Be6
15. O-O Nd7 16. Qc2 c5 17. Rfd1 Rfb8 18. Rd2 Rb6 19. Qc3 Qf6 20. Qxf6 gxf6 21.
Bd1 Ne5 22. f4 Nd3 23. Bxf6 a4 24. bxa4 Bxc4 25. Bc3 Rab8 26. Bc2 Kf7 27. a5
R6b7 28. Rdd1 Ke6 29. Rab1 Rxb1 30. Rxb1 Rxb1+ 31. Bxb1 Kd5 32. Bc2 Kc6 33. Bd1
Kd5 34. g4 fxg4 35. Bxg4 Ba6 36. f5 Ne5 37. f6 Nf7 38. Kf2 Nd6 39. Kg3 c4 40.
Kf4 Nf7 41. Bf5 Nd6 42. Bxh7 Ke6 43. Bg8+ Nf7 44. h4 1-0

[Event "FIDE World Rapid 2014"]
[Site "Dubai UAE"]
[Date "2014.06.18"]
[Round "13.23"]
[White "Sargissian, Gabriel"]
[Black "Zhigalko, Sergei"]
[Result "1-0"]
[WhiteTitle "GM"]
[BlackTitle "GM"]
[WhiteElo "2686"]
[BlackElo "2678"]
[WhiteFideId "13300881"]
[BlackFideId "13502956"]
[EventDate "2014.06.16"]

1. d4 Nf6 2. c4 e6 3. Nf3 b6 4. g3 Ba6 5. b3 Bb4+ 6. Bd2 Be7 7. Nc3 O-O 8. Bg2
d5 9. cxd5 exd5 10. O-O Re8 11. Ne5 Bb7 12. Bg5 Nbd7 13. f4 c5 14. Kh1 Ne4 15.
Nxe4 dxe4 16. Bxe7 Rxe7 17. Nc4 Qc7 18. d5 Ree8 19. d6 Qd8 20. Qc2 b5 21. Ne3
Qb6 22. Rad1 Rad8 23. Nf5 Re6 24. Qc3 Nf6 25. g4 e3 26. g5 b4 27. Qb2 Ne8 28.
Rd3 Rd7 29. Rfd1 Bxg2+ 30. Kxg2 Qb7+ 31. Kg3 f6 32. h4 Qe4 33. Rd5 Kf8 34. Qc1
g6 35. Qxc5 gxf5 36. R5d4 Qb7 37. Qxf5 Rdxd6 38. Rxd6 Rxd6 39. Rxd6 Nxd6 40.
Qxf6+ Nf7 41. h5 Qe7 42. Qxe7+ Kxe7 43. Kf3 Ke6 44. Kxe3 Kf5 45. Kd4 Nxg5 46.
fxg5 Kxg5 47. Ke5 Kxh5 48. Kf5 Kh4 49. e4 h5 50. Kf4 Kh3 51. e5 1-0

[Event "FIDE World Rapid 2014"]
[Site "Dubai UAE"]
[Date "2014.06.18"]
[Round "13.24"]
[White "Ragger, Markus"]
[Black "Andriasian, Zaven"]
[Result "1-0"]
[WhiteTitle "GM"]
[BlackTitle "GM"]
[WhiteElo "2632"]
[BlackElo "2611"]
[WhiteFideId "1610856"]
[BlackFideId "13302000"]
[EventDate "2014.06.16"]

1. d4 d5 2. c4 c6 3. Nf3 Nf6 4. g3 Bg4 5. Ne5 Be6 6. Nc3 dxc4 7. e4 g6 8. Nxc4
Bg7 9. Ne3 O-O 10. Bg2 Qc8 11. O-O Bh3 12. e5 Ne8 13. f4 Bxg2 14. Kxg2 e6 15. h4
f5 16. h5 Rf7 17. Rh1 Na6 18. b3 Qd8 19. Ne2 Nac7 20. hxg6 hxg6 21. Qg1 Bf8 22.
Qh2 Rg7 23. Ng1 Nd5 24. Nf3 Be7 25. Nc4 b5 26. Nd6 Nxd6 27. exd6 Bf6 28. Ne5
Bxe5 29. fxe5 Kf7 30. Qh6 Qb6 31. Qh4 Qa5 32. Bg5 Qc3 33. Raf1 c5 34. dxc5 Qxe5
35. d7 Rag8 36. Rf2 Rd8 37. Bxd8 Ne3+ 38. Kh2 Kg8 39. Bf6 Ng4+ 40. Qxg4 Rh7+ 41.
Kg2 1-0

[Event "FIDE World Rapid 2014"]
[Site "Dubai UAE"]
[Date "2014.06.18"]
[Round "13.25"]
[White "Riazantsev, Alexander"]
[Black "Korobov, Anton"]
[Result "1-0"]
[WhiteTitle "GM"]
[BlackTitle "GM"]
[WhiteElo "2692"]
[BlackElo "2680"]
[WhiteFideId "4125029"]
[BlackFideId "14105730"]
[EventDate "2014.06.16"]

1. d4 Nf6 2. c4 e6 3. Nf3 d5 4. Nc3 c6 5. e3 Nbd7 6. Qc2 a6 7. b3 b5 8. Be2 Bd6
9. O-O O-O 10. e4 dxe4 11. Nxe4 Nxe4 12. Qxe4 Bb7 13. c5 Be7 14. Bd3 Nf6 15. Qh4
Re8 16. Bg5 h6 17. Bxf6 Bxf6 18. Qe4 Qd5 19. Qh7+ Kf8 20. Rad1 Ke7 21. Bc2 Rh8
22. Qd3 Rad8 23. Rfe1 Qd7 24. Ne5 Qc7 25. Qg3 Qa5 26. Nxf7 Kxf7 27. b4 Qxb4 28.
Qc7+ Kg8 29. Qxb7 h5 30. Qxc6 Rh6 31. Qxe6+ Kf8 1-0

[Event "FIDE World Rapid 2014"]
[Site "Dubai UAE"]
[Date "2014.06.18"]
[Round "13.26"]
[White "Potkin, Vladimir"]
[Black "Adly, Ahmed"]
[Result "1-0"]
[WhiteTitle "GM"]
[BlackTitle "GM"]
[WhiteElo "2621"]
[BlackElo "2594"]
[WhiteFideId "4131061"]
[BlackFideId "10601619"]
[EventDate "2014.06.16"]

1. d4 Nf6 2. Nf3 e6 3. c4 d5 4. Nc3 c6 5. e3 Nbd7 6. Qc2 Bd6 7. Bd3 O-O 8. O-O
dxc4 9. Bxc4 b5 10. Be2 Bb7 11. e4 e5 12. dxe5 Nxe5 13. Nd4 Ng6 14. Nf5 Be5 15.
Be3 Re8 16. f4 Bxc3 17. Qxc3 c5 18. Rad1 Qc7 19. Bxb5 Rxe4 20. Nd6 Rxe3 21. Qxe3
Nd5 22. Qb3 Ndxf4 23. Nxb7 Qxb7 24. Qf3 Qxf3 25. Rxf3 Ne6 26. Re3 Rb8 27. Bc4
Rxb2 28. Rb3 Rxb3 29. axb3 Ne5 30. Bxe6 fxe6 31. Re1 Nc6 32. Rxe6 Nd4 33. Re3
Kf7 34. Kf2 Kf6 35. Rc3 Ne6 36. Rc4 a5 37. Ke3 h5 38. Ra4 Nd4 39. Rxa5 Nxb3 40.
Rb5 Nd4 41. Rxc5 Nf5+ 42. Kf4 g5+ 43. Ke4 Nd6+ 44. Kd5 Nf7 45. Rc6+ Kf5 46. Rc1
h4 47. Rf1+ Kg6 48. Ke6 Nd8+ 49. Ke5 Nc6+ 50. Kd5 Ne7+ 51. Ke6 Ng8 52. Rf8 Nh6
53. h3 g4 54. Rf4 Kg5 55. Ke5 Kg6 56. Rf6+ Kg5 57. Rf8 Kg6 58. Kf4 gxh3 59. gxh3
Kg7 60. Ra8 Nf7 61. Ra6 Nh6 62. Kg5 Nf7+ 63. Kxh4 Kh7 64. Kg4 Kg7 65. h4 Nh6+
66. Kf4 Nf7 67. h5 Nh6 68. Rg6+ Kh7 69. Kg5 Nf7+ 70. Kf5 Nh6+ 71. Kf6 Ng8+ 72.
Kg5 Kh8 73. Ra6 Kg7 74. Ra7+ 1-0